000 00490nam a22001937a 4500
003 OSt
005 20211104161843.0
008 211104b |||||||| |||| 00| 0 eng d
020 _a0801405548
040 _cHAWASSA UNIVERSITY
050 _a636.0892/DUK
_b3
082 _211
_a636.0892/DUK
_b1
100 _aSWENSON MELUIN J.
_916987
245 _aDUKES PHYSIOLOGY OF DOMESTIC ANIMALS
260 _aLONDON
_bPRESS
_c1970
300 _axii/1463
501 _aindex
942 _2ddc
_cBOOKS
_n0
999 _c16809
_d16809